000 00290nam a22001337a 4500
003 SGT
082 _a615.53
_bP16G
100 _aGOSWAMI, MAHAPRABHULAL
245 _aPATANJALAYOGASUTRA
260 _aVARANSI
_bCHAUKHAMBHA PUB
_c2016
300 _a100
650 _aAYURVEDA
942 _2ddc
_cBK
999 _c11376
_d11376